| 000 | 00610nam a2200229Ia 4500 | ||
|---|---|---|---|
| 003 | OSt | ||
| 005 | 20221007081128.0 | ||
| 006 | a|||||r|||| 00| 0 | ||
| 007 | ta | ||
| 008 | 221006b |||||||| |||| 00| 0 eng d | ||
| 024 | _a28,555 | ||
| 037 | _cTextual | ||
| 040 |
_aFLL _cFLL _beng |
||
| 041 |
_2eng _aeng |
||
| 082 | _aZ73:8821wL75, J5 | ||
| 100 |
_aSurrency Erwin C. _9696485 |
||
| 245 | 0 | _aMarshall reader | |
| 260 |
_aNew York _bOceana Publications New _c1955 |
||
| 300 |
_a256p _ccm. |
||
| 942 |
_hZ73:8821wL75, J5 _cTEXL _2CC |
||
| 999 |
_c1162127 _d1162127 |
||